Công nghệ chế biến dầu mỏ /

Dầu khí - nguồn nguyên liệu chứa hydrocacbon quan trọng cho công nghiệp. Các quá trình chế biến vật lý trong lọc dầu. Các quá trình chế biến hoá học ...

Guardat en:
Dades bibliogràfiques
Autor principal: Lê Văn Hiếu.
Format: Llibre
Idioma:Vietnamese
Publicat: Hà Nội : Khoa học và kỹ thuật, 2000.
Matèries:
Etiquetes: Afegir etiqueta
Sense etiquetes, Sigues el primer a etiquetar aquest registre!
Thư viện lưu trữ: Mạng thư viện Đại học Đà Nẵng
LEADER 01039cam a2200337 i 4500
001 000042584
003 458
005 20030917095549.0
008 010217b2000 vm 000 vie
020 |c 26000 
040 |a IRC  |c IRC  |d IRC 
041 0 |a vie 
082 1 4 |a 665.5028  |b LÊ-H 
100 1 |a Lê Văn Hiếu. 
245 0 0 |a Công nghệ chế biến dầu mỏ /  |c Lê Văn Hiếu. 
260 |a Hà Nội :  |b Khoa học và kỹ thuật,  |c 2000. 
300 |a 264tr. ;  |c 24cm. 
520 3 |a Dầu khí - nguồn nguyên liệu chứa hydrocacbon quan trọng cho công nghiệp. Các quá trình chế biến vật lý trong lọc dầu. Các quá trình chế biến hoá học ... 
630 0 4 |a Dầu mỏ. 
630 0 4 |a Dầu khí. 
650 0 4 |a Dầu mỏ  |x Công nghệ chế biến. 
OWN |a DUT 
999 |a From the UDN01 
TYP |a Monograph 
TYP |a Printed language 
980 |a Mạng thư viện Đại học Đà Nẵng